| 000 | 00345nam a2200157Ia 4500 | ||
|---|---|---|---|
| 100 | _aJoshi/Swati/ Joshi/Atul | ||
| 650 | _aProcessor | ||
| 942 | _cBK | ||
| 366 | _f27 | ||
| 654 | _aprocessor | ||
| 245 | _aProcessor Architecture and interfacing | ||
| 260 |
_bWiley _c2014 |
||
| 082 |
_a4.165 _bJOS |
||
| 300 | _a342 | ||
| 546 |
_aENGLISH _cTTL |
||
| 999 |
_c19355 _d19355 |
||